000 00800cam a2200289 i 4500
001 768714001
003 CO-MdFUSB
005 20240604151154.0
007 ta
008 240601t1967 -sp||||| |||| 00| 0 spa d
040 _cCO-MdFUSB
041 0 _aspa
082 0 4 _224
_aG 234
_bC9678h
100 1 _aCullmann, Oscar
_eautor
245 1 0 _aLa historia de la salvación
_c/ Oscar Cullmann; Traducido por Víctor Bazterrica
264 1 _bPenínsula,
_aBarcelona, España :
_c[1967]
264 4 _c©1967
300 _a431 Pag
336 _atexto
_btxt
_2rdacontent
337 _2rdamedia
_asin mediación
_bn
338 _2rdacarrier
_avolumen
_bnc
500 _aTítulo original : Heil als geschichte
653 _aHistoria
653 _aCristianismo
942 _cBK
945 _aEstudiante
999 _c34604
_d34604